MARC

LEADER 00000nam0a2200000 4500
001 363350
005 20231102011600.0
035 |a (RuTPU)RU\TPU\retro\20697 
090 |a 363350 
100 |a 20210928d1980 k y0rusy50 ca 
101 0 |a rus 
102 |a KG 
105 |a a z 001zy 
200 1 |a Гидростатическое выдавливание рельефных полостей и элементы процесса прокатки  |e сборник научных трудов  |f Кыргызский государственный университет 
210 |a Фрунзе  |c [Б. и.]  |d 1980 
215 |a 134 с.  |c ил. 
320 |a Библиография в конце статей 
606 1 |a Выдавливание металлов  |x Металлообработка  |2 stltpush  |3 (RuTPU)RU\TPU\subj\3842  |9 32188 
606 1 |a Прокатка металлов  |x Процессы  |2 stltpush  |3 (RuTPU)RU\TPU\subj\52028  |9 70522 
610 1 |a рельефные поверхности 
610 1 |a способ А. В. Мазаева 
610 1 |a холодное выдавливание 
610 1 |a малопластичные стали 
610 1 |a контейнеры высокого давления 
610 1 |a деформация 
610 1 |a очаги 
610 1 |a строение 
675 |a 621.983  |v 4 
675 |a 621.771.01  |v 4 
712 0 2 |a Кыргызский государственный университет  |c (Бишкек)  |c (1951-1993)  |2 stltpush  |3 (RuTPU)RU\TPU\col\14945  |9 26047 
801 1 |a RU  |b 63413507  |c 20210928 
942 |c BK